[Event "IM-Turnier 2007"]
[Site "Hamburg"]
[Date "2007.10.26"]
[Round "6.2"]
[White "Breuer, Stefan"]
[Black "Huschenbeth, Niclas"]
[Result "0-1"]
[WhiteElo "2355"]
[BlackElo "2318"]
[PlyCount "110"]
[EventDate "2007.??.??"]

1. e4 c5 2. c3 Nf6 3. e5 Nd5 4. d4 cxd4 5. Qxd4 e6 6. Nf3 Nc6 7. Qe4 f5 8. Qe2
Qc7 9. g3 d6 10. exd6 Bxd6 11. Bg2 O-O 12. O-O Nf6 13. c4 e5 14. c5 Be7 15.
Qc4+ Kh8 16. b4 e4 17. Ng5 Qe5 18. Nc3 Qd4 19. Qxd4 Nxd4 20. Rd1 Nc6 21. a3 a5
22. b5 Ne5 23. Na4 Nd3 24. Nb6 Rb8 25. Rxd3 exd3 26. Bf4 Bxc5 27. Na4 Bd4 28.
Rd1 Ra8 29. Rxd3 Ba7 30. b6 Bb8 31. Be3 h6 32. Nf7+ Kg8 33. Nd6 Bxd6 34. Rxd6
Ne4 35. Rd4 Be6 36. f3 Nf6 37. Nc5 Bd5 38. Nd7 Nxd7 39. Rxd5 Nf6 40. Rxf5 Rfe8
41. Bf4 Rad8 42. Bf1 Kh7 43. Rxa5 Rd1 44. Kf2 Nd5 45. Ra7 g5 46. Rxb7+ Kg6 47.
Be2 Rh1 48. Bc4 Rxh2+ 49. Kf1 gxf4 50. Bxd5 Rd8 51. Be4+ Kf6 52. Ke1 fxg3 53.
Rc7 Rh1+ 54. Ke2 g2 55. Rc6+ Kf7 0-1

[Event "IM-Turnier 2007"]
[Site "Hamburg"]
[Date "2007.10.26"]
[Round "6.3"]
[White "Müller, Fabian"]
[Black "Smith, Axel"]
[Result "0-1"]
[WhiteElo "2312"]
[BlackElo "2384"]
[PlyCount "104"]
[EventDate "2007.??.??"]

1. d4 d5 2. c4 c6 3. Nf3 Nf6 4. Nc3 e6 5. e3 Nbd7 6. Qc2 Bd6 7. e4 dxe4 8. Nxe4
Nxe4 9. Qxe4 Qe7 10. Bd3 Bb4+ 11. Kf1 Nf6 12. Qh4 b6 13. Bf4 Bb7 14. a3 Bd6 15.
Bxd6 Qxd6 16. Qg3 Qxg3 17. hxg3 Ke7 18. Ke2 h6 19. b4 Rhd8 20. c5 Nd5 21. Bc4
Nc7 22. Ke3 b5 23. Bb3 a5 24. Nd2 axb4 25. axb4 Na6 26. Ne4 Nxb4 27. Nd6 Rxa1
28. Rxa1 Ra8 29. Rxa8 Bxa8 30. f4 Na6 31. f5 Nb8 32. fxe6 fxe6 33. Bd1 Nd7 34.
Kd3 Nf6 35. Bf3 Nd5 36. Bxd5 exd5 37. Kc3 Kf6 38. Ne8+ Kf7 39. Nd6+ Kf6 40.
Ne8+ Kf7 41. Nd6+ Kg6 42. Ne8 Kf5 43. Nxg7+ Kg4 44. Kb4 Bb7 45. Ne6 Kxg3 46.
Nd8 Ba8 47. Ne6 Kxg2 48. Ng7 Bb7 49. Ka5 Bc8 50. Nh5 Bg4 51. Nf4+ Kg3 52. Ng6
h5 0-1

[Event "IM-Turnier 2007"]
[Site "Hamburg"]
[Date "2007.10.26"]
[Round "6.1"]
[White "Lanka, Zigurds"]
[Black "Lindinger, Markus"]
[Result "1-0"]
[WhiteElo "2482"]
[BlackElo "2277"]
[PlyCount "51"]
[EventDate "2007.??.??"]

1. e4 e6 2. d4 d5 3. Nc3 dxe4 4. Nxe4 Nd7 5. Nf3 Ngf6 6. Nxf6+ Nxf6 7. Bc4 Be7
8. Qe2 O-O 9. Bg5 b6 10. O-O-O Bb7 11. Kb1 Nd5 12. Bc1 c5 13. dxc5 bxc5 14. Ne5
Qc7 15. Rhe1 Nb6 16. Bd3 Rad8 17. Bf4 c4 18. Ng6 Bd6 19. Nxf8 cxd3 20. Qxd3 Bd5
21. Qxh7+ Kxf8 22. Qh8+ Ke7 23. Bg5+ Kd7 24. Bxd8 Qxd8 25. Qxg7 Qe7 26. Rxd5
1-0

[Event "IM-Turnier 2007"]
[Site "Hamburg"]
[Date "2007.10.26"]
[Round "6.2"]
[White "Kopylov, Michael"]
[Black "Bakker, Sven"]
[Result "1/2-1/2"]
[WhiteElo "2472"]
[BlackElo "2244"]
[PlyCount "30"]
[EventDate "2007.??.??"]

1. d4 Nf6 2. c4 e6 3. g3 d5 4. Bg2 Be7 5. Nf3 O-O 6. Qc2 dxc4 7. Nbd2 Bd7 8.
Qxc4 Bc6 9. O-O Nbd7 10. Qc2 Rc8 11. e4 Bb5 12. Rd1 c5 13. d5 exd5 14. exd5
Nxd5 15. Nc4 Nb4 1/2-1/2

[Event "IM-Turnier 2007"]
[Site "Hamburg"]
[Date "2007.10.26"]
[Round "6.3"]
[White "van Delft, Merijn"]
[Black "Langrock, Hannes"]
[Result "0-1"]
[WhiteElo "2418"]
[BlackElo "2403"]
[PlyCount "186"]
[EventDate "2007.??.??"]

1. e4 e6 2. d4 d5 3. Nc3 dxe4 4. Nxe4 Nd7 5. Nf3 Ngf6 6. Bd3 c5 7. O-O Nxe4 8.
Bxe4 Nf6 9. Bg5 cxd4 10. Qe2 Qb6 11. Bxf6 gxf6 12. Rfd1 Bg7 13. Nxd4 O-O 14. c3
f5 15. Bd3 Bd7 16. Bb5 Rfd8 17. Bxd7 Rxd7 18. Nb3 Rad8 19. Rxd7 Rxd7 20. Rd1
Qd8 21. Rxd7 Qxd7 22. f4 Qa4 23. Qd2 Bf8 24. Nc1 h6 25. b4 a5 26. Nd3 Qb5 27.
bxa5 Qxa5 28. Nc1 Qb6+ 29. Kf1 Qb1 30. Ke2 Ba3 31. Nd3 Qg1 32. Kf3 Qxh2 33. Qe3
Qh5+ 34. Kf2 Qd1 35. Qd4 Qd2+ 36. Kg3 Qxa2 37. Ne5 Qd5 38. Qa4 Qc5 39. Qa8+ Qf8
40. Qxb7 Bd6 41. Kh2 Bxe5 42. fxe5 Qc5 43. Qb3 Qxe5+ 44. Kh1 Qc5 45. c4 Kf8 46.
Qb8+ Ke7 47. Qb7+ Kf6 48. Qb2+ e5 49. Qa2 f4 50. Qc2 Ke6 51. Qe2 h5 52. Qxh5
Qxc4 53. Qg4+ Kd6 54. Qf5 Qe6 55. Qc2 Ke7 56. Qc5+ Qd6 57. Qa7+ Ke6 58. Qa8 Qd5
59. Qe8+ Kf5 60. Qc8+ Kf6 61. Qh8+ Ke7 62. Qh4+ Kd7 63. Qh3+ Qe6 64. Qa3 Qd5
65. Qa7+ Ke6 66. Qa6+ Kf5 67. Qc8+ Ke4 68. Qc2+ Ke3 69. Qc3+ Kf2 70. Qc2+ Kg3
71. Qc3+ f3 72. Qe1+ Kg4 73. Kh2 fxg2 74. Qg3+ Kf5 75. Qh3+ Kf6 76. Qh4+ Ke6
77. Qg4+ Kd6 78. Qb4+ Kc6 79. Qa4+ Kc7 80. Qa7+ Kd6 81. Qb6+ Ke7 82. Qc7+ Kf6
83. Qb6+ Kg7 84. Qe3 f6 85. Qa7+ Kg6 86. Qb8 Qf3 87. Qg8+ Kf5 88. Qh7+ Kf4 89.
Qh6+ Ke4 90. Qh7+ Ke3 91. Qa7+ Kf4 92. Qa4+ e4 93. Qa5 Kg4 0-1

[Event "IM-Turnier 2007"]
[Site "?"]
[Date "2007.10.26"]
[Round "7.2"]
[White "Lindinger, Markus"]
[Black "Breuer, Stefan"]
[Result "1/2-1/2"]
[WhiteElo "2277"]
[BlackElo "2355"]
[PlyCount "36"]
[EventDate "2007.??.??"]

1. d4 Nf6 2. Nf3 g6 3. c4 Bg7 4. Nc3 O-O 5. e4 d6 6. Be2 e5 7. Be3 c6 8. O-O
Nbd7 9. d5 Ng4 10. Bc1 Qe7 11. Ne1 Nh6 12. g4 f5 13. f3 fxg4 14. fxg4 Rxf1+ 15.
Bxf1 Nf7 16. Be3 Bf6 17. Ng2 Bg5 18. Bf2 h6 1/2-1/2

[Event "IM-Turnier 2007"]
[Site "?"]
[Date "2007.10.26"]
[Round "7.3"]
[White "Bakker, Sven"]
[Black "Müller, Fabian"]
[Result "1-0"]
[WhiteElo "2244"]
[BlackElo "2312"]
[PlyCount "89"]
[EventDate "2007.??.??"]

1. d4 Nf6 2. c4 e6 3. Nc3 Bb4 4. e3 c5 5. Nge2 b6 6. a3 Ba5 7. Bd2 O-O 8. Rb1
Na6 9. d5 exd5 10. cxd5 d6 11. f3 b5 12. Nxb5 Nxd5 13. Nec3 Nxc3 14. Nxc3 Nc7
15. Bd3 Qh4+ 16. g3 Qh3 17. Kf2 Bb7 18. b4 cxb4 19. axb4 Bb6 20. Na4 Ne6 21.
Nxb6 axb6 22. Rb2 Ra3 23. Bf1 Qf5 24. Bg2 Qf6 25. Bc1 Rfa8 26. Re1 Ng5 27. Qd4
Nh3+ 28. Ke2 Qf5 29. b5 Ra2 30. Qd3 Qf6 31. Qd4 Qf5 32. Qd3 Be4 33. Qxe4 Qxb5+
34. Kd1 Qb3+ 35. Qc2 Nf2+ 36. Kd2 Rxb2 37. Bxb2 Qb5 38. Bf1 Qh5 39. Kc1 Qxh2
40. Re2 Qxg3 41. Rxf2 h5 42. Kb1 h4 43. Rg2 Qxf3 44. Rxg7+ Kf8 45. Bg2 1-0

[Event "IM-Turnier 2007"]
[Site "?"]
[Date "2007.10.26"]
[Round "7.1"]
[White "Smith, Axel"]
[Black "Lanka, Zigurds"]
[Result "1-0"]
[WhiteElo "2384"]
[BlackElo "2482"]
[PlyCount "105"]
[EventDate "2007.??.??"]

1. e4 c5 2. Nf3 Nc6 3. d4 cxd4 4. Nxd4 Nf6 5. Nc3 d6 6. Bg5 e6 7. Qd2 a6 8.
O-O-O Bd7 9. f3 h6 10. Be3 b5 11. Nxc6 Bxc6 12. g4 Nd7 13. Kb1 Qc7 14. h4 Ne5
15. Qg2 Qb7 16. Bd3 Rc8 17. g5 hxg5 18. hxg5 Rxh1 19. Qxh1 b4 20. Ne2 Bb5 21.
Bxb5+ axb5 22. b3 Qa6 23. Bd4 Ra8 24. Nc1 Ng6 25. Be3 Be7 26. Qe1 Kf8 27. Qxb4
Kg8 28. Qd2 d5 29. exd5 exd5 30. f4 Ba3 31. Bd4 Bxc1 32. Kxc1 Qe6 33. Bb2 Qg4
34. Qc3 f6 35. Qc6 Rd8 36. gxf6 Nxf4 37. Re1 Rc8 38. Re8+ Rxe8 39. Qxe8+ Kh7
40. Qe3 Ne2+ 41. Kb1 d4 42. Qd3+ Kg8 43. a4 gxf6 44. axb5 Kg7 45. b6 Qg1+ 46.
Ka2 Qe1 47. b4 Nc3+ 48. Bxc3 Qe6+ 49. Ka3 dxc3 50. b7 Qe5 51. Qd7+ Kg6 52. Qg4+
Kf7 53. Qc8 1-0

[Event "IM-Turnier 2007"]
[Site "?"]
[Date "2007.10.26"]
[Round "7.2"]
[White "Bracker, Frank"]
[Black "Kopylov, Michael"]
[Result "1/2-1/2"]
[WhiteElo "2214"]
[BlackElo "2472"]
[PlyCount "40"]
[EventDate "2007.??.??"]

1. e4 c5 2. Nf3 d6 3. d4 cxd4 4. Nxd4 Nf6 5. Nc3 a6 6. Bg5 e6 7. f4 b5 8. e5
dxe5 9. fxe5 Qc7 10. exf6 Qe5+ 11. Be2 Qxg5 12. O-O Qe5 13. Kh1 Ra7 14. Qd3 Rd7
15. Nf3 Qxf6 16. Qe3 Nc6 17. a4 b4 18. Ne4 Qd8 19. Nfg5 Qa5 20. Bh5 Nd8 1/2-1/2

[Event "IM-Turnier 2007"]
[Site "?"]
[Date "2007.10.26"]
[Round "7.3"]
[White "Huschenbeth, Niclas"]
[Black "van Delft, Merijn"]
[Result "1/2-1/2"]
[WhiteElo "2318"]
[BlackElo "2418"]
[PlyCount "79"]
[EventDate "2007.??.??"]

1. e4 c6 2. d4 d5 3. Nc3 dxe4 4. Nxe4 Bf5 5. Ng3 Bg6 6. h4 h6 7. Nf3 Nd7 8. h5
Bh7 9. Bd3 Bxd3 10. Qxd3 e6 11. Bf4 Qa5+ 12. Bd2 Bb4 13. c3 Be7 14. c4 Qc7 15.
O-O-O Ngf6 16. Kb1 O-O 17. Ne4 Rad8 18. g3 b5 19. Bf4 Qa5 20. c5 Nxc5 21. Nxf6+
Bxf6 22. Qc2 Na6 23. g4 Rd5 24. Be5 c5 25. Bxf6 gxf6 26. dxc5 Rxc5 27. Qe4 Rd8
28. Rd4 Rxd4 29. Qxd4 Qa4 30. Qxa4 bxa4 31. Rd1 a3 32. Rd7 Nc7 33. bxa3 a5 34.
Nd2 Nd5 35. f3 Rb5+ 36. Kc2 Rc5+ 37. Kb2 Rb5+ 38. Kc2 Rc5+ 39. Kb2 Rb5+ 40. Kc2
1/2-1/2

[Event "IM-Turnier 2007"]
[Site "Hamburg"]
[Date "2007.10.27"]
[Round "8.1"]
[White "Müller, Fabian"]
[Black "Langrock, Hannes"]
[Result "1/2-1/2"]
[WhiteElo "2312"]
[BlackElo "2403"]
[PlyCount "28"]
[EventDate "2007.??.??"]

1. d4 e6 2. Nf3 c5 3. e3 Nf6 4. Bd3 b6 5. O-O Bb7 6. Nbd2 d6 7. c3 Be7 8. Qe2
a6 9. e4 cxd4 10. cxd4 Nbd7 11. b3 b5 12. a4 b4 13. Bb2 O-O 14. Rfc1 a5 1/2-1/2

[Event "IM-Turnier 2007"]
[Site "Hamburg"]
[Date "2007.10.27"]
[Round "8.2"]
[White "Markgraf, Alexander"]
[Black "Lindinger, Markus"]
[Result "1/2-1/2"]
[WhiteElo "2447"]
[BlackElo "2277"]
[PlyCount "28"]
[EventDate "2007.??.??"]

1. e4 d6 2. d4 Nf6 3. Nc3 Nbd7 4. g4 h6 5. h3 e5 6. Nge2 b5 7. a3 c6 8. Bg2 Bb7
9. O-O a5 10. Ng3 g6 11. f4 Bg7 12. Be3 exd4 13. Bxd4 O-O 14. Qd2 b4 1/2-1/2

[Event "IM-Turnier 2007"]
[Site "Hamburg"]
[Date "2007.10.27"]
[Round "8.3"]
[White "Breuer, Stefan"]
[Black "Bakker, Sven"]
[Result "1/2-1/2"]
[WhiteElo "2355"]
[BlackElo "2244"]
[PlyCount "62"]
[EventDate "2007.??.??"]

1. e4 c6 2. d3 d5 3. Nd2 e5 4. Ngf3 Bd6 5. d4 exd4 6. exd5 cxd5 7. Nxd4 Nc6 8.
N2f3 Nge7 9. c3 Bg4 10. Be2 O-O 11. O-O Re8 12. Re1 Qd7 13. h3 Bh5 14. Qa4 Bg6
15. Nh4 Be4 16. Bg5 h6 17. Bg4 Qd8 18. Bxe7 Nxe7 19. Bd7 Rf8 20. Nhf5 Bc5 21.
Nxe7+ Qxe7 22. f3 Bc2 23. Qxc2 Qxd7 24. Qd3 Rfe8 25. Kh1 a6 26. Nf5 Rad8 27.
Rad1 Re6 28. b4 Bb6 29. Nd4 Rf6 30. Qe2 Kf8 31. Qc2 Kg8 1/2-1/2

[Event "IM-Turnier 2007"]
[Site "Hamburg"]
[Date "2007.10.27"]
[Round "8.1"]
[White "van Delft, Merijn"]
[Black "Smith, Axel"]
[Result "1-0"]
[WhiteElo "2418"]
[BlackElo "2384"]
[PlyCount "147"]
[EventDate "2007.??.??"]

1. e4 e6 2. d4 d5 3. Nc3 Nf6 4. e5 Nfd7 5. f4 c5 6. Nf3 Nc6 7. Be3 Qb6 8. Na4
Qa5+ 9. c3 b6 10. Bd2 c4 11. b4 Nxb4 12. cxb4 Bxb4 13. Qc2 Bxd2+ 14. Nxd2 b5
15. Nc3 Rb8 16. Be2 b4 17. Nce4 dxe4 18. Nxc4 b3+ 19. Qd2 b2 20. Nd6+ Ke7 21.
Rb1 Qxa2 22. O-O Ba6 23. Bxa6 Qxa6 24. f5 f6 25. fxe6 fxe5 26. Nf5+ Kxe6 27.
Qg5 Kd5 28. Qe7 Rhd8 29. Rfd1 Kc4 30. Ne3+ Kc3 31. dxe5 Qa5 32. Rxd7 Rxd7 33.
Qxd7 Qc5 34. Kf2 Kb3 35. Qe6+ Ka3 36. Qa6+ Kb3 37. Qe6+ Ka3 38. Qc4 Rc8 39.
Qa6+ Kb3 40. Ke2 Rc6 41. Qb7+ Rb6 42. Qf7+ Kc3 43. Qd5 Qb5+ 44. Qxb5 Rxb5 45.
e6 Re5 46. Rxb2 Rxe6 47. Rc2+ Kb3 48. Rc7 a5 49. Rb7+ Kc3 50. Ra7 Re5 51. Rxg7
Rh5 52. Ra7 Kb3 53. h3 a4 54. Nf1 Kb4 55. Nd2 a3 56. Nxe4 Ra5 57. Rxa5 Kxa5 58.
Nc3 Kb4 59. Kd3 Kc5 60. g4 Kd6 61. Kd4 Ke6 62. h4 Kf6 63. Kd5 Kf7 64. Ke5 Ke7
65. Na2 Kf7 66. Kf5 Ke7 67. Kg5 Kf7 68. Kh6 Kg8 69. g5 Kh8 70. h5 Kg8 71. g6
hxg6 72. hxg6 Kh8 73. g7+ Kg8 74. Nb4 1-0

[Event "IM-Turnier 2007"]
[Site "Hamburg"]
[Date "2007.10.27"]
[Round "8.2"]
[White "Lanka, Zigurds"]
[Black "Bracker, Frank"]
[Result "1-0"]
[WhiteElo "2482"]
[BlackElo "2214"]
[PlyCount "71"]
[EventDate "2007.??.??"]

1. e4 c5 2. Nf3 d6 3. d4 cxd4 4. Nxd4 Nf6 5. Nc3 a6 6. Be3 e5 7. Nb3 Be6 8. f3
Be7 9. Qd2 O-O 10. O-O-O Nbd7 11. g4 b5 12. Kb1 b4 13. Nd5 Bxd5 14. exd5 Nb6
15. Bxb6 Qxb6 16. Qe2 Bd8 17. h4 a5 18. Nd2 a4 19. Nc4 Qc5 20. Qd2 Ba5 21. b3
Ne8 22. h5 Nc7 23. Ne3 f6 24. Nf5 Rf7 25. Bc4 Bb6 26. Rh2 h6 27. Re2 Rd7 28. f4
Rf8 29. Qd3 a3 30. Rc1 Qa5 31. Nh4 Bd4 32. Rg2 Rdf7 33. c3 bxc3 34. Qe4 Qc5 35.
Bd3 Ra8 36. Qh7+ 1-0

[Event "IM-Turnier 2007"]
[Site "Hamburg"]
[Date "2007.10.27"]
[Round "8.3"]
[White "Kopylov, Michael"]
[Black "Huschenbeth, Niclas"]
[Result "0-1"]
[WhiteElo "2472"]
[BlackElo "2318"]
[PlyCount "66"]
[EventDate "2007.??.??"]

1. d4 Nf6 2. c4 c5 3. d5 e6 4. Nc3 exd5 5. cxd5 d6 6. Nf3 g6 7. e4 Bg7 8. Nd2
Nbd7 9. Be2 O-O 10. O-O Re8 11. Qc2 Nb6 12. a4 Nfxd5 13. exd5 Bxc3 14. Qxc3
Rxe2 15. Nf3 Bf5 16. Bh6 f6 17. a5 Rc2 18. Qb3 Nd7 19. Rfe1 g5 20. Re6 b5 21.
h4 g4 22. Ne1 Rc4 23. Rxd6 Qe7 24. Ra6 Nb8 25. Qxb5 Rb4 26. Qf1 Nxa6 27. Qxa6
Rd8 28. Rd1 Rd6 29. Qf1 Qe5 30. Nd3 Qxd5 31. Qe1 Re4 32. Qc3 Rd4 33. Qe1 Re6
0-1

[Event "IM-Turnier 2007"]
[Site "Hamburg"]
[Date "2007.10.28"]
[Round "9.1"]
[White "Langrock, Hannes"]
[Black "Breuer, Stefan"]
[Result "1/2-1/2"]
[WhiteElo "2403"]
[BlackElo "2355"]
[PlyCount "38"]
[EventDate "2007.??.??"]

1. e4 e6 2. d4 d5 3. Nc3 Nf6 4. e5 Nfd7 5. f4 c5 6. Nf3 Nc6 7. Be3 a6 8. Qd2 b5
9. dxc5 Bxc5 10. Ne2 Qb6 11. Bxc5 Nxc5 12. Ned4 Ne4 13. Qe3 O-O 14. Bd3 Bb7 15.
O-O Rac8 16. Rae1 Rfd8 17. Nxc6 Qxe3+ 18. Rxe3 Bxc6 19. Re2 Nc5 1/2-1/2

[Event "IM-Turnier 2007"]
[Site "Hamburg"]
[Date "2007.10.28"]
[Round "9.2"]
[White "Lindinger, Markus"]
[Black "Müller, Fabian"]
[Result "1/2-1/2"]
[WhiteElo "2277"]
[BlackElo "2312"]
[PlyCount "187"]
[EventDate "2007.??.??"]

1. e4 c5 2. Nf3 e6 3. d4 cxd4 4. Nxd4 Nf6 5. Nc3 Bb4 6. Bd3 Nc6 7. Nxc6 bxc6 8.
O-O d5 9. e5 Nd7 10. Qg4 Bf8 11. Re1 Nc5 12. Bg5 Qb6 13. Na4 Nxa4 14. Qxa4 Bd7
15. c4 Bc5 16. Qc2 h6 17. Be3 d4 18. Bd2 a5 19. Re4 Rb8 20. Rb1 Be7 21. Rg4 g6
22. Qa4 h5 23. Re4 c5 24. Qxa5 Qb7 25. b4 cxb4 26. c5 Ra8 27. Qxb4 Qa7 28. Bb5
O-O 29. Bxd7 Qxd7 30. Rxd4 Qc7 31. Qc4 Qxc5 32. Qxc5 Bxc5 33. Rc4 Rxa2 34. Rxc5
Rxd2 35. h4 Ra8 36. g3 Raa2 37. Rf1 Re2 38. Kg2 Rad2 39. Kf3 Kg7 40. Rb5 Ra2
41. Rc5 Rab2 42. Ra5 Rec2 43. Ra3 g5 44. hxg5 Kg6 45. Ra4 Re2 46. Re4 Rxe4 47.
Kxe4 Kxg5 48. Kf3 Rb3+ 49. Kg2 h4 50. gxh4+ Kxh4 51. Ra1 Rb4 52. Kf3 Kg5 53.
Ra7 Rf4+ 54. Ke3 Rf5 55. Ra4 Rxe5+ 56. Kf3 Rb5 57. Kg2 Rb3 58. Rc4 e5 59. Ra4
f5 60. Ra8 e4 61. Re8 Kf4 62. Re7 Rb2 63. Re8 Re2 64. Ra8 Rd2 65. Re8 Rd7 66.
Rg8 Rh7 67. Rg3 Rh5 68. Rh3 Rg5+ 69. Kf1 Kg4 70. Ra3 Rg8 71. Kg2 Kf4+ 72. Kf1
Re8 73. Kg2 Kg5 74. Ra5 Kg4 75. Ra3 Kg5 76. Ra5 Kf4 77. Ra4 Rg8+ 78. Kf1 Rd8
79. Kg2 Rd5 80. Ra8 Ke5 81. Re8+ Kd4 82. Kg3 Rc5 83. Rd8+ Ke5 84. Re8+ Kf6 85.
Kg2 Re5 86. Ra8 f4 87. Rf8+ Kg5 88. Rg8+ Kh4 89. Rh8+ Kg4 90. f3+ exf3+ 91. Kf1
Rh5 92. Rxh5 Kxh5 93. Kf2 Kg4 94. Kf1 1/2-1/2

[Event "IM-Turnier 2007"]
[Site "Hamburg"]
[Date "2007.10.28"]
[Round "9.3"]
[White "Bakker, Sven"]
[Black "Markgraf, Alexander"]
[Result "1-0"]
[WhiteElo "2244"]
[BlackElo "2447"]
[PlyCount "53"]
[EventDate "2007.??.??"]

1. d4 f5 2. Nf3 Nf6 3. g3 g6 4. Bg2 Bg7 5. O-O O-O 6. b4 Nc6 7. b5 Na5 8. Nbd2
d5 9. Bb2 a6 10. bxa6 Rxa6 11. Ne5 Be6 12. Nb3 Qd6 13. a4 b6 14. Ba3 c5 15. Nd3
Nxb3 16. cxb3 Rc8 17. Rc1 Nd7 18. Nf4 Nf6 19. dxc5 bxc5 20. Nxe6 Qxe6 21. Rxc5
Rd8 22. Qd3 Ne4 23. Rc7 Qb6 24. Bxe7 Nxf2 25. Rxf2 Re8 26. Qxd5+ Kh8 27. Qb5
1-0

[Event "IM-Turnier 2007"]
[Site "Hamburg"]
[Date "2007.10.28"]
[Round "9.1"]
[White "Smith, Axel"]
[Black "Kopylov, Michael"]
[Result "1/2-1/2"]
[WhiteElo "2384"]
[BlackElo "2472"]
[PlyCount "95"]
[EventDate "2007.??.??"]

1. e4 Nf6 2. e5 Nd5 3. d4 d6 4. Nf3 dxe5 5. Nxe5 c6 6. Bc4 Nd7 7. Nxd7 Bxd7 8.
Qf3 Be6 9. Nc3 Nc7 10. Bxe6 Nxe6 11. d5 cxd5 12. Nxd5 Nd4 13. Qe4 Nxc2+ 14.
Qxc2 Qxd5 15. O-O e6 16. Rd1 Qc6 17. Qxc6+ bxc6 18. Be3 a5 19. Bb6 Be7 20. Rac1
Ra6 21. Rxc6 O-O 22. Rdc1 h6 23. Kf1 Rb8 24. Rc8+ Rxc8 25. Rxc8+ Kh7 26. Bd4
Rd6 27. Bc3 Bf6 28. Bxf6 gxf6 29. Ke2 Rd5 30. a4 Kg6 31. Rb8 Kf5 32. Rb7 e5 33.
b3 Ke6 34. g4 Rc5 35. Kd3 Rd5+ 36. Ke3 Rc5 37. Kd3 Rd5+ 38. Ke3 Rc5 39. Rb6+
Ke7 40. Kd3 Rd5+ 41. Ke3 Rc5 42. h4 Rc3+ 43. Ke4 h5 44. gxh5 Rh3 45. Rb5 Ke6
46. Rb6+ Ke7 47. Rb5 Ke6 48. Rb6+ 1/2-1/2

[Event "IM-Turnier 2007"]
[Site "Hamburg"]
[Date "2007.10.28"]
[Round "9.2"]
[White "Bracker, Frank"]
[Black "van Delft, Merijn"]
[Result "0-1"]
[WhiteElo "2214"]
[BlackElo "2418"]
[PlyCount "88"]
[EventDate "2007.??.??"]

1. e4 c5 2. Nf3 d6 3. d4 cxd4 4. Nxd4 Nf6 5. Nc3 Nc6 6. Bg5 e6 7. Qd2 Be7 8.
O-O-O Nxd4 9. Qxd4 O-O 10. f3 a6 11. h4 b5 12. Qd2 Bb7 13. Kb1 Rc8 14. Ne2 Qc7
15. Nd4 Rfd8 16. Bd3 Kh8 17. Qe1 b4 18. h5 h6 19. Be3 d5 20. e5 Qxe5 21. Qd2
Ng8 22. g4 Bc5 23. f4 Qc7 24. g5 Qb6 25. Qf2 f5 26. Rdg1 Rf8 27. Rh4 hxg5 28.
fxg5 f4 29. Rxf4 e5 30. Rxf8 Rxf8 31. Nf5 Bxe3 32. Qxe3 Qxe3 33. Nxe3 Rf3 34.
Ng4 e4 35. Be2 Rf5 36. Ne3 Rf2 37. Bg4 d4 38. Nc4 e3 39. Nd6 Bd5 40. Bc8 d3 41.
cxd3 e2 42. Bh3 Be6 43. Bxe6 Rf1+ 44. Kc2 g6 0-1

[Event "IM-Turnier 2007"]
[Site "Hamburg"]
[Date "2007.10.28"]
[Round "9.3"]
[White "Huschenbeth, Niclas"]
[Black "Lanka, Zigurds"]
[Result "1/2-1/2"]
[WhiteElo "2318"]
[BlackElo "2482"]
[PlyCount "22"]
[EventDate "2007.??.??"]

1. e4 c5 2. Nf3 Nc6 3. d4 cxd4 4. Nxd4 Nf6 5. Nc3 d6 6. Bg5 e6 7. Qd2 a6 8.
O-O-O Bd7 9. f4 h6 10. Bh4 g5 11. fxg5 Ng4 1/2-1/2